01023nam a2200193 a 4500008004100000050002500041100002400066245020200090260006700292300000900359490004800368500007000416650002200486650005000508710005400558995007700612999001700689952012300706120830s2009 ||||||||||||||||| || u aRIHN(08)SERS/2009/10 aMulenga, Chileshe L10aResilience of rural households and communities to economic shocks, HIV/AIDS and recurrent droughts: The case of households and communities in the Mwami Area, Chipata, ZambiacBy Chileshe L. Mulenga aKyotobResearch Institute for Humanity and Nature (RIHN)c2009 a40p. aSocial-Ecological Resilience Working Papers aWorking paper on social-ecological resilience series No. 2009-010 aRURAL POOR--CHINA aFOOD SECURITY--NORTH WESTERN PROVINCE--ZAMBIA aResearch Institute for Humanity and Nature (RIHN) FCBU-MAIN LIBRARY (Kitwe)M1UAVAILABLEWSep 5, 2012ZZambiana Collection c56352d56352 00102lcc4070a001b001cZambiana Collectiond2022-11-30l0oRIHN(08)SERS/2009/10pB173r2022-11-30w2022-11-30y002